00481nam a2200121Ia 4500008004100000100002100041245009500062245007800157260004800235260001500283650002700298856003400325160809s9999 xx 000 0 und d aHelou, Majed El. 2aA Novel ENF Extraction Approach for Region-of-Recording Identification of Media Recordings cMajed El Helou, Abdel Wahab Turkmani, Rawan Chanouha and Samer Chaberbaji bComputer Science and Information Technology cApril 2016 xINFORMATION TECHNOLOGY uhttp://airccse.org/V6N52.html